000
00295nam a22001337a 4500
008
181107b xxu||||| |||| 00| 0 eng d
020
_a
9780944502099
041
_a
eng
080
_a
370
100
_a
49
101
_a
EDU
245
_a
Chinese In 10 Minutes DAY
_c
James,p
942
_2
udc
_c
BK
999
_c
52098
_d
52098